| 000 | 00344nam a2200133Ia 4500 | ||
|---|---|---|---|
| 005 | 20260328104255.0 | ||
| 008 | 260328s9999||||xx |||||||||||||| ||und|| | ||
| 100 | _aBurry, Jane | ||
| 245 | 4 |
_aThe New Mathematics of Architecture / _cJane Burry |
|
| 260 | _bThames & Hudson | ||
| 300 | _a271 p. | ||
| 650 | _aMEDIDAS Y DIMENSIONES | ||
| 942 | _cBK | ||
| 999 |
_c10409 _d10409 |
||